Alle Bushaltestellen Stadt Aachen - Statistics

General Stats
  • This quiz has been taken 12 times
  • The average score is 49 of 433
Answer Stats
Hint Answer % Correct
2, 5, 7, 11, 12, 14, 15, 21, 22, 23, 24, 25, 27, 31, 33, 34, 35, 37, 43, 44, 45, 51, 53, 54, 55, 65, 74, 75, SB63, SB71, X35, X51 Elisenbrunnen
100%
1, 2, 4, 5, 7, 11, 12, 14, 15, 16, 17, 21, 22, 23, 24, 25, 27, 31, 33, 34, 35, 36, 37, 41, 43, 44, 45, 46, 47, 51, 52, 53, 54, 55, 65, 66, 73, 74, 75, 220, SB20, SB63, SB66, SB71, X25, X35, X47, X51, X73 Aachen Bushof
80%
2, 5, 11, 12, 14, 21, 22, 24, 25, 31, 35, 43, 45, 51, 53, 55, 75, SB63 Alter Posthof
80%
12, 22, 33, 73, 75 Halifaxstraße
80%
2, 3, 4, 5, 12, 13, 15, 22, 23, 25, 35, 36, 45, 47, 55, 65, 66, 73, SB66, X25, X35, X73 Kaiserplatz
80%
3, 7, 11, 13, 14, 21, 27, 31, 33, 34, 36, 37, 51, 54, SB63 Normaluhr
80%
5, 12, 22, 24, 25, 35, 45, 55, 75 Annastraße
60%
1, 3, 30, 33, 41, 43, 73, 74, X73 Audimax
60%
5, 10, 15, 25, 27, 35, 37, 45, 47, 50, 55, 65, 66, OL5, X73, SB66, X25, X35, X73 Brand
60%
3, 13, 54 Eurogress
60%
33 Frankenberg
60%
4, 24 Franziskushospital
60%
3, 5, 25, 35, 45, 55, 75 Gartenstraße
60%
1, 2, 3, 5, 11, 12, 13, 15, 16, 21, 22, 23, 25, 31, 34, 35, 36, 41, 45, 46, 51, 52, 54, 55, 65, 66, 220, SB20, SB66, SB71, X35, X51 Hansemannplatz
60%
3, 11, 13, 14, 21, 31, 44, 51, 74, SB63, X3 Hauptbahnhof
60%
4 Judengasse/Markt
60%
4, 24 Jüdischer Friedhof
60%
4, 5, 12, 22, 24, 25, 35, 45, 55, 75, SB71 Karlsgraben
60%
7, 17, 27, 37, 43, 44, 47, 70, 80 Laurensberg
60%
3, 13 Luisenhospital
60%
2, 3, 11, 13, 14, 21, 31, 43, 51, 53, SB63 Misereor
60%
12, 22, 75 Muffet
60%
1, 3, 13, 7, 17, 27, 30, 33, 37, 41, 43, 44, 47, 73, 74, X47, X73 Ponttor
60%
5, 7, 15, 16, 25, 27, 35, 37, 45, 46, 55, 65, 66, 70, 73, SB66, X25, X35, X73 Rothe Erde
60%
3, 4, 13, 24, X3 Schanz
60%
5, 25, 35, 45, 55, 75, SB71 Schanz (Vaalser Straße)
60%
2, 5, 12, 15, 22, 23, 25, 35, 45, 47, 55, 65, 66, 73, SB66, X25, X35, X73 Scheibenstraße
60%
30, 51, X51 Sportpark Soers
60%
25, 30, 35, 45, 55 Steppenberg
60%
1, 3, 4, 5, 30, 33, 41, 43, 45, 70, 73, 80, SB71, X3, X73 Uniklinik
60%
11, 16, 35, 46, 66, SB66, X35 Walheim
60%
1, 3, 30, 33, 41, 43, 73, 74, X73 Westbahnhof
60%
33, 73, 75 Auf der Hörn
40%
30, 54 Bastei
40%
7, 17, 27, 37, 47, X47 Bendplatz
40%
1, 11, 16, 21, 31, 41, 46, 51, 52, 220, SB20, SB71, X51 Blücherplatz
40%
10, 11, 21, 30, 31, 36, 51, SB63, X3 Burtscheid
40%
3, 12, 22, 30, 33, 70, 73, 80, X3, X73 Campus Melaten
40%
14, 34, 54 Diepenbenden
40%
1, 4, 13, 7, 17, 27, 33, 37, 41, 43, 44, 47, 73, 74, X47, X73 Driescher Gässchen
40%
3, 13, 30 Ehrenmal/Lousberg
40%
2, 5, 12, 15, 16, 22, 25, 35, 45, 46, 55, 65, 66, 70, 73 Elsassstraße
40%
1, 30, 41, 43, 74, X73 Europadorf
40%
1, 12, 22, 41 Floriansdorf
40%
1, 11, 21, 30, 31, 41, 220, OL1, SB71 Haaren Markt
40%
1, 3, 12, 22, 30, 33, 41, 70, 73, 80, X3, X73 Hörn Brücke
40%
7, 17, 27, 37, 47, X47 Jupp-Müller-Straße
40%
25, 30, 33, 35, 55, 70 Keltenstraße
40%
15, 25, 35, 55, 65, 66 Königsberger Straße (Polizeipräsidium)
40%
12, 13, 22 Königstraße
40%
35, 66, SB66, X35 Kornelimünster
40%
3, 4, 5, 25, 35, 45, 55, 75 Kuckelkorn
40%
33, 45, 70 Kullen
40%
10, 11, 21, 30, 31, 36, 51, SB63, X3 Marienhospital
40%
3, 33, 73 Mies-van-der-Rohe-Straße
40%
1, 4, 7, 17, 27, 33, 37, 41, 43, 47, 73, 74, X47, X73 Minoritenstraße
40%
3, 12, 22, 30, 33, 70, 73, 80, X3, X73 Otto-Blumenthal-Straße
40%
33, 45, 70 Philipp-Neri-Weg
40%
2, 24 Preuswald
40%
4, 24, 30, 43 Preusweg
40%
25, 30, 35, 45, 55 Reutershag
40%
11, 21, 31, 36, 51, SB63 Rosenquelle
40%
25, 30, 33, 35, 55, 70 Schmiedgasse
40%
3, 12, 22, 75 Seffenter Weg
40%
1, 11, 21, 31, 41, 52, 70, 220, SB20 Talbot
40%
13 Technische Hochschule
40%
7, 27, 33, 34, 37, 54 Theater
40%
12, 13, 22 Turmstraße
40%
25, 30, 33, 35, 55, 70 Vaals Grenze
40%
3, 4, 5, 25, 35, 45, 55 Venskyhäuschen
40%
7, 27, 33, 34, 37, 54 Wallstraße
40%
1, 3, 30, 33, 41, 70, 73, 80, X3, X73 Wendlingweg
40%
3, 4, 5, 25, 30, 35, 43, 45, 55, SB71, X3 Westfriedhof
40%
7, 17, 27, 37, 47, 70, 80 Wildbach
40%
4, 47, 73, X25, X73 Willy-Brandt-Platz
40%
27, 37, 50 Zentis
40%
33 Zwanzigmorgen
40%
5, 15, 25, 27, 30, 35, 37, 45, 55, 65, 66 Adenauerallee
20%
30, 51, X51 Alter Tivoli
20%
1, 11, 21, 220 Am Haarberg
20%
12, 22 Am Hügel
20%
12, 22 Am Weißenberg
20%
23, 30, 47, OL1 ASEAG
20%
3, 13, 36 Augustastraße
20%
10, 11, 30, 31, 36, 51, SB63 Bayernallee
20%
10, 30, 33 Beverau
20%
11, 36, 51 Bismarckturm
20%
5, 10, 45, 50, OL5, X73 | 5, 35, 45, 50, 55, X73 Brand Schulzentrum
20%
51 Carolus Thermen
20%
2, 7, 12, 22, 30, 47, 50 Continental
20%
30, 43 Couven-Gymnasium
20%
5, 45 Danziger Straße
20%
23, 47 Dresdener Straße
20%
2, 12, 22, 50 Eilendorf Markt
20%
30, 34, 51, 70, X51 Eulershof
20%
3, 12, 22, 30, 33, 70, 73, 80, X3, X73 Forckenbeckstraße
20%
21, 33 Fuchserde
20%
14, 34, 54 Hauptstraße
20%
3, 12, 22, 75 Hörn Kastanienweg
20%
3, 12, 22, 75 Hörnstieg
20%
14, 34, 54 Jahnplatz
20%
4, 24 Jakobsplatz
20%
2, 5, 12, 15, 22, 23, 25, 35, 45, 47, 55, 65, 66, 73 Josefskirche
20%
70, 74, 80 Kackertstraße
20%
4 Kármán-Auditorium
20%
2, 12, 22 Kennedypark
20%
37 Lemiers Weiher
20%
11, 16, 55, 65 Lichtenbusch
20%
16, 21, 46 Lintert
20%
13 Lochnerstraße
20%
1, 11, 16, 21, 31, 41, 46, 52, 220, SB20 Ludwig Forum
20%
1, 12, 22, 41 Maria-Lipp-Straße
20%
7, 73 Mataréstraße
20%
1, 11, 21, 30, 31, 41, 52, 70, 220, OL1, SB20, SB71 Prager Ring
20%
25, 30, 33, 35, 55, 70 Püngelerstraße
20%
54 Purweider Weg
20%
1, 12, 22, 41 Rabentalweg
20%
43 Rahe
20%
4, 30, 43 Schwimmhalle West
20%
10, 11, 30, 31, 36, 51, SB63, X3 Siegel
20%
51, X51 STAWAG
20%
33, 45, 70 Steinbergweg
20%
1, 30, 41, 43, 74, X73 Süsterau
20%
1, 30, 41, 43, 74, X73 Süsterfeld
20%
16, 46 Tierpark
20%
5, 15, 25, 35, 45, 55, 65, 66 Trierer Platz
20%
34 Ungarnplatz
20%
1, 7, 31, 41, OL1, SB71 Verlautenheide Endstraße
20%
1, 3, 30, 33, 41, 70, 73, 80, X3, X73 Worringerweg
20%
5, 15, 16, 25, 27, 35, 37, 45, 46, 55, 65, 66 Zeppelinstraße
20%
35, 55, 65 Aachener Straße
0%
37 Abzweig Orsbach
0%
43 Adele-Weidtman-Straße
0%
11, 16 Albert-Einstein-Straße
0%
4, 30, 43 Am Backes
0%
43 Am Beulardstein
0%
4, 30, 43 Am Friedrich
0%
34 Am Gut Wolf
0%
4, 30, 43 Am Neuenhof
0%
OL5 Am Reulert
0%
2, 12, 22 Am Rott
0%
27, 37, OL5 Am Tiergarten
0%
7 Am Tunnel
0%
2 Apolloniaweg
0%
16 Ardennenstraße
0%
10 Arlingtonstraße
0%
11, 16, 36, 55, 65 Auf dem Bahnes
0%
35, 55, 65 Auf der Gallich
0%
14 Augustinerweg
0%
2, 7, 12, 22, 30, 47, 50 Barbarakirche
0%
43 Barbarossaplatz
0%
16 Baumgartsweg
0%
12, 22 Bayerhaus
0%
34, 54, 70 Berensberg
0%
7, 17, 43, 44, 47, 70, 80 Berensberger Straße
0%
24 Bildchen Grenze (Wasserwerk)
0%
24 Bildchen Zollamt
0%
30 Birkenweg
0%
27 Bocholtzer Straße
0%
50 Brahmsstraße
0%
15, 25, 35, 47, 55, 65, 66 Brand Eckenerstraße
0%
5, 10, 45, OL5, X73 Brander Feld
0%
50 Brander Heide
0%
OL5 Brand Markt
0%
5, 10, 15, 25, 27, 35, 37, 45, 47, 50, 55, 65, 66, OL5, X73, SB66, X25, X35, X73 Brand Ringstraße
0%
12, 22, 50 Breitbenden
0%
11 Broich
0%
16 Broichhausen
0%
2 Brüsseler Ring
0%
21, 33 Buschhausen
0%
27, 37, 47, 50 Debyestraße
0%
17, 27 Dellstraße
0%
10, 16, 30, 46 Drimborn
0%
27, 37 Drosselweg
0%
37 Düserhofstraße
0%
16, 46 Eich
0%
7, OL1 Eilendorf Bahnhof
0%
25 Eilendorfer Straße
0%
OL5 Eilendorfer Straße/Friedhof
0%
12, 22, 50 Eilendorf Linde
0%
7, 50 Eilendorf Rathaus
0%
7 Eisenbahnweg
0%
23, 47, OL1 Elleter Feld
0%
54 Elsa-Brandström-Straße
0%
2, 24 Entenpfuhler Weg
0%
27, 37 Erberichshofstraße
0%
11, 55, 65 Erlenpütz
0%
34, 70 Eulersweg
0%
16, 46, 70 Europaplatz
0%
30, 34, 70 Feldchen
0%
54, 70 Ferberberg
0%
17, 44 Forsterheide
0%
17 Forsterheide Kreuz
0%
10, 16, 46 Forster Linde
0%
21 Forster Weg
0%
1 Forsthaus
0%
25 Freund
0%
50 Freunder Straße
0%
66, SB66 Friesenrath
0%
2, 7, 12, 22, 30, 47, 50 Fringsgraben
0%
OL5 Georgstraße
0%
2, 12, 22 Geschwister-Scholl-Gynasium
0%
1, 30, 41, 43, 70, 80, X73 Gewerbegebiet Schlottfeld
0%
27 Gierstraße
0%
11, 21, 31, 36, 51 Gillesbachtal
0%
30, 34, 54 Giselastraße
0%
5, 45 Glatzer Straße
0%
7, 27, 37 Goerdelerstraße
0%
25 Goertzbrunnstraße
0%
2, 30 Goethestraße
0%
14 Goldbachstraße
0%
41, OL1 Großheidstraße
0%
24 Grundhaus
0%
11, 36 Grüne Eiche
0%
30, 34, 70 Grüner Weg
0%
5, 10, 45 Gut Grauenhof
0%
1, 7, 31 Gut-Knapp-Straße
0%
47 Gut Neuenhof
0%
37 Gut Nonnenhof
0%
37 Gut Orth
0%
27, 37, 47, 50 Gut Weide
0%
OL1 Haarbachtal
0%
1, 11, 21, 30, 220 Haaren Denkmal
0%
53 Habsburgerallee
0%
35, 46, X35 Hahn Kirche
0%
2 Hahnweg
0%
33, 73 Hainbuchenstraße
0%
17, 44 Hander Weg
0%
2, 50 Hansmannstraße
0%
11, 16 Hasbach
0%
16, 46 Hasencleverstraße
0%
7, 43 Hasenwaldstraße
0%
7, 17, 43, 47, 70, 80 Haus Linde
0%
10, 16, 46 Heidbenden
0%
10, 11, 21, 30, 31, 36, 51 Heißberg
0%
27, 37 Hermann-Löns-Straße
0%
5, 10, 45, 50, OL5 Heussstraße
0%
30 Hickelweg
0%
16, 46 Hitfeld
0%
24 Hochgrundhaus
0%
11, 16, 35, 46 Hochhausring
0%
5, 10, 45 Hochstraße
0%
16, 23, 46, 47, 70 Hohenzollernplatz
0%
17, 44 Horbach
0%
17, 44 Horbach Kirche
0%
17, 44 Horbach Linde
0%
23, 30, 47, OL1 Hüls
0%
23, 47, OL1 Hüls Friedhof
0%
23, 30, 47 Hüls Gewerbegebiet
0%
23, 47 Hüls Schulzentrum
0%
30, 53 Im Brockenfeld
0%
41, OL1 Im Reichswald
0%
35, 66, SB66, X35 Iternberg
0%
2, 7, 50 Josefstraße
0%
10, 30 Juttastraße
0%
2, 30 Kaiser-Friedrich-Park
0%
2, 7, 50 Kaiserstraße
0%
24 Kannegießerbach
0%
14, 34, 54 Kapitelstraße
0%
12, 22 Karlstraße
0%
30 Karolingerstraße
0%
50 Kaubendenstraße
0%
27, 37, 50 Kellershaustraße
0%
41, OL1 Kelmesbergweg
0%
55, 65 Kesselstraße
0%
12, 22, 50 Kirchfeld
0%
37 Kirschbäumchen
0%
50 Kita Eilendorf Süd
0%
OL5 Kleinbahnstraße
0%
11, 36 Kohlshof
0%
65, OL5 Kollenbruch
0%
25 Kolpingstraße
0%
14 Köpfchen Altes Zollamt
0%
35, 66, SB66, X35 Kornelimünster Klause
0%
15 Krauthausen
0%
15 Krauthausen Siedlung
0%
16, 21, 46 Kreuzerdriesch
0%
11, 16, 46, 55 Kroitzheider Weg
0%
4, 30, 43 Kronenberg
0%
7, 43, 70 Landgraben
0%
11, 36, 55, 65, SB63 Laschet
0%
27, 37 Laurensberg Kirche
0%
27, 37, 70 Laurensberg Rathaus
0%
27, 70 Laurensberg Schulzentrum
0%
37 Laurensberg Zollhaus
0%
27, 37 Laurentiusstraße
0%
37 Lemiers
0%
4, 75 Lennéstraße
0%
55, 65 Lichtenbuscher Weg
0%
16, 55, 65 Lichtenbusch Kirche
0%
1, 11, 21, 31, 41, 52, 70, 220, SB20 Liebigstraße
0%
21 Lintert Friedhof
0%
14 Linzenshäuschen
0%
17, 44 Locht Zollmuseum
0%
34 Lombardenstraße
0%
21, 33 Löwenstein-Kaserne
0%
34 Lukasstraße
0%
27 Lütterbüschgen
0%
16 Magelspfad
0%
7 Markusstraße
0%
35, 55, 65 Meischenfeld
0%
27, 37 Meisenweg
0%
12, 22, 75 Melatener Straße
0%
2, 24 Montzener Straße
0%
16 Mütschenpfuhl
0%
35, 66, SB66, X35 Napoleonsberg
0%
11, 16, 36, 55, 65 Nerscheider Weg
0%
10, 16, 46 Neuhaus
0%
14 Neu-Linzenshäuschen
0%
10, 35, 55, 65, OL5, X73 Niederforstbach
0%
35, 55, 65 Niederforstbach Bau
0%
27 Niersteiner Höfe
0%
7, OL1 Nirmer Platz
0%
11, 16, 35, 46 Nütheim
0%
11, 16, 46, 55 Oberforstbach
0%
11, 36, 55, 65, SB63 Oberforstbach Gewerbegebiet
0%
11, 55 Oberforstbach Schule
0%
37 Ochsenstock
0%
37 Orsbach Schule
0%
27, 37, 70 Pannhauser Straße
0%
7, 43, 70 Parkstraße
0%
11, 16, 36, 55, 65 Pascalstraße
0%
4 Paulusstraße
0%
27 Pfalzgrafenstraße
0%
16 Pfeiferweg
0%
7 Philips
0%
7 Pongs
0%
11, 16 Prämienstraße
0%
24 Pumpstation
0%
35, 55, 65 Pützgasse
0%
1, 41, OL1 Quinx
0%
16 Radermacher
0%
43 Rahe Im Ring
0%
11 Rasthaus Lichtenbusch
0%
21 Rathenauallee
0%
2, 24 Reimser Straße
0%
66, SB63, SB66 Relais Königsberg
0%
2, 43, 53 Reumontstraße
0%
12, 22 Rheingold
0%
27, 37, OL5 Richard-Wagner-Straße (Columbarium)
0%
17, 44 Richterich Kirche
0%
47, 80 Richterich Rathaus
0%
27, 37, 47 Rödgerbach
0%
51 Rolandstraße
0%
15, 35, 66, SB66, X35 Rollefbachweg
0%
65, OL5 Rollefer Berg
0%
2 Ronheide (JH)
0%
2 Ronheider Berg
0%
14, 30, 34, 53, 54 Ronheider Weg
0%
7, 17, 43, 47, 70, 80 Rosenhügel
0%
30, 47 Rottstraße
0%
5, 10, 45, OL5, X73 Schagenstraße
0%
16, 46 Schießstand
0%
2, 30 Schillerstraße
0%
50 Schlackstraße
0%
35, 55, 65 Schleckheimer Straße
0%
11, 16, 36, 46, 55 Schleckheim Kapelle
0%
47, 80 Schloss-Schönau-Straße
0%
7, 27, 33, 37 Schlossstraße
0%
43 Schlossweiherstraße
0%
16, SB63 Schmithofer Straße
0%
16 Schmithof Kirche
0%
16 Schmithof Schule
0%
35, 66, SB66, X35 Schmittchen
0%
47, 80 Schönauer Friede
0%
7, 43 Schönauer Hang
0%
5, 15, 25, 35, 45, 55, 65, 66 Schönforst
0%
21 Schöntal
0%
2 Schubertstraße
0%
35, 55, 65 Schulberg
0%
11, 16, 36, 55, 65 SCHUMAG
0%
27, 37 Schwalbenweg
0%
30, 70 Schwarzer Weg
0%
7, OL1 Schwester-Zita-Weg
0%
14, 34, 54 Sebastianstraße
0%
12, 22 Sebastianusweg
0%
70 Siebweg
0%
7, 43 Siedlung Schönau
0%
16 Sief Abzweigung
0%
16 Sief Schule
0%
5, 45 Sittarder Straße
0%
54 Soerser Au
0%
54 Soerser Winkel
0%
54 Soers Kloster
0%
54 Soers Tuchwerk
0%
34, 54, 70 Sonnenweg
0%
11, 16 Sperberweg
0%
2, 50, OL1 Stapperstraße
0%
10, 16, 46 Staudenweg
0%
35, 46, X35 Steinbruch
0%
15, 35, 66, SB66, X35 Steinebrück
0%
35, 55, 65 Steinkaulweid
0%
2, 50 Stollenweg
0%
51 Strangenhäuschen
0%
7, 50 St. Severin
0%
30, 34, 54 St. Vither Straße
0%
11, 55 Tannenallee
0%
43 Teichwinkel
0%
5, 45 Tilsiter Straße
0%
43 Tittardshang
0%
1, 31, 41, OL1 Tonbrennerstraße
0%
47, 80 Uersfeld
0%
2, 24 Unterer Backertsweg
0%
16 Vennbahn
0%
10, OL5, X73 Vennbahnbogen
0%
65, OL5 Vennblick
0%
35, 66, SB66, X35 Venwegener Straße
0%
41, OL1 Verlautenheide Waldstraße
0%
27 Vetschau
0%
27 Vetschauer Berg
0%
17, 27, 44 Vetschauer Weg
0%
27 Vetschau Schmiede
0%
43 Viadukt
0%
7, 27, 33, 37 Viktoriaallee
0%
21 Vinzenzplatz
0%
10, 30, 33 Vogelsang
0%
11, 36, 51, X3 Waldfriedhof
0%
2, 24 Waldschenke
0%
66, SB66 Walheim Freizeitgelände
0%
11, 16, 35, 46 Walheim Friedhof
0%
2, 24 Walhorner Straße
0%
4, 75 Welkenrather Straße
0%
4, 75 Weststraße
0%
16, 46, 70 Wiesental
0%
16 Wilbank
0%
1, 12, 22, 41 Wilfried-König-Straße
0%
10, 30 Wilhelm-Pitz-Weg
0%
23, 47, OL1 Wilmersdorfer Straße
0%
5, 10, 35, 45, 55, 65, OL5 Wolferskaul
0%
2 Yorckstraße
0%
27, 37, 47, 50 Zieglerstraße
0%
14 Zweiweiherweg
0%
No matching quizzes found
Score Distribution
Percent of People with Each Score
Percentile by Number Answered
Your Score History
You have not taken this quiz